[Event "SLO-ch U12"]
[Site "Postojna"]
[Date "2008.02.25"]
[Round "2"]
[White "Sucur, Aleksander"]
[Black "Povse, Martin Zan"]
[Result "0-1"]
[WhiteElo "1500"]
[BlackElo "1507"]
[PlyCount "44"]
[EventDate "2008.02.24"]
[EventType "swiss"]
[EventRounds "9"]
[EventCountry "SLO"]
[SourceTitle "EXT 2010"]
[Source "ChessBase"]
[SourceDate "2010.11.25"]
[SourceVersion "1"]
[SourceVersionDate "2010.11.25"]
[SourceQuality "1"]

1. e4 e5 2. Nf3 d6 3. Bc4 Be7 4. 0-0 h6 5. h3 Nf6 6. Nc3 0-0 7. d4 exd4 8. Nxd4 a6 9. Nd5 Nbd7 10. Nxe7+ Qxe7 11. Qe2 c5 12. Nf5 Qe5 13. Qd3 b5 14. Bd5 Nxd5 15. exd5 Nf6 16. Ne3 Bb7 17. a4 Rfe8 18. axb5 axb5 19. Rxa8 Bxa8 20. Qxb5 Kf8 21. Nc4 Qxd5 22. Nb6 Qxg2# 0-1